Các điều kiện kỹ thuật của cọc ép dùng xử lý nền móng

Salvato in:
Dettagli Bibliografici
Autore principale: Vũ Công Ngữ ... [et al.]
Natura: Libro
Lingua:Undetermined
Pubblicazione: KHKT
Soggetti:
Tags: Aggiungi Tag
Nessun Tag, puoi essere il primo ad aggiungerne! !
Thư viện lưu trữ: Trung tâm Học liệu Trường Đại học Cần Thơ
LEADER 00509nam a2200157Ia 4500
001 CTU_49999
008 210402s9999 xx 000 0 und d
082 |a 624.154 
082 |b C101 
100 |a Vũ Công Ngữ ... [et al.] 
245 0 |a Các điều kiện kỹ thuật của cọc ép dùng xử lý nền móng 
245 0 |c Vũ Công Ngữ ... [et al.] 
260 |b KHKT 
650 |a pile foundations 
904 |i Minh 
980 |a Trung tâm Học liệu Trường Đại học Cần Thơ